[Event "Bundesliga 0001"]
[Site "Deutschland"]
[Date "2001.??.??"]
[Round "14.5"]
[White "Dinstuhl, Volkmar"]
[Black "Borriss, Martin"]
[Result "1/2-1/2"]
[WhiteElo "2412"]
[BlackElo "2439"]
[PlyCount "129"]
[EventDate "2000.10.14"]
[EventType "team"]
[EventRounds "15"]
[EventCountry "GER"]
[SourceTitle "Bundesliga 0001"]
[Source "DeepChess"]
[SourceDate "2005.01.01"]
[SourceVersion "1"]
[SourceVersionDate "2005.01.01"]
[SourceQuality "1"]
[WhiteTeam "SV Castrop Rauxel 1923"]
[BlackTeam "SF Neukoelln 03 e.V."]
[WhiteTeamCountry "GER"]
[BlackTeamCountry "GER"]

1. d4 Nf6 2. c4 g6 3. g3 Bg7 4. Bg2 O-O 5. Nc3 d6 6. Nf3 Nbd7 7. O-O e5 8. e4
a6 9. Re1 exd4 10. Nxd4 Ne5 11. b3 c5 12. Nc2 Rb8 13. h3 Nc6 14. a4 Ne8 15. Bb2
Nc7 16. Ra2 Ne6 17. Nd5 Bxb2 18. Rxb2 b5 19. axb5 axb5 20. cxb5 Rxb5 21. b4
Ned4 22. Nxd4 Nxd4 23. Rd2 Be6 24. bxc5 dxc5 25. Rxd4 cxd4 26. Qxd4 Bxd5 27.
exd5 Qd6 28. Bf3 Rfb8 29. Kg2 Rb4 30. Qc3 h5 31. h4 Qb6 32. Qe5 Qd4 33. Qxd4
Rxd4 34. Re2 Kg7 35. Ra2 Rb3 36. Rc2 Kf6 37. Rc6+ Ke5 38. Rc2 Rdd3 39. Be2 Rd4
40. Bf3 Ra3 41. Re2+ Kd6 42. Rb2 Rdd3 43. Be2 Rxd5 44. Bc4 Rf5 45. Rb7 Rc3 46.
Bxf7 Rc2 47. Bxg6 Rfxf2+ 48. Kg1 Rg2+ 49. Kh1 Rh2+ 50. Kg1 Rcg2+ 51. Kf1 Ra2
52. Kg1 Rhg2+ 53. Kh1 Rxg3 54. Bxh5 Rh3+ 55. Kg1 Rxh4 56. Bf3 Rc4 57. Rb1 Ke5
58. Rf1 Rcc2 59. Bb7 Rab2 60. Ba8 Rc8 61. Bg2 Rcc2 62. Ba8 Rd2 63. Bc6 Kd4 64.
Ba8 Rb8 65. Bg2 1/2-1/2

[Event "Bundesliga 0001"]
[Site "Deutschland"]
[Date "2001.??.??"]
[Round "14.6"]
[White "Polzin, Rainer"]
[Black "Hennig, Dirk"]
[Result "0-1"]
[WhiteElo "2465"]
[BlackElo "2442"]
[PlyCount "64"]
[EventDate "2000.10.14"]
[EventType "team"]
[EventRounds "15"]
[EventCountry "GER"]
[SourceTitle "Bundesliga 0001"]
[Source "DeepChess"]
[SourceDate "2005.01.01"]
[SourceVersion "1"]
[SourceVersionDate "2005.01.01"]
[SourceQuality "1"]
[WhiteTeam "SF Neukoelln 03 e.V."]
[BlackTeam "SV Castrop Rauxel 1923"]
[WhiteTeamCountry "GER"]
[BlackTeamCountry "GER"]

1. e4 g6 2. d4 Bg7 3. Nc3 c6 4. Nf3 d5 5. h3 Nf6 6. e5 Ne4 7. Nxe4 dxe4 8. Ng5
c5 9. d5 Bxe5 10. Nxe4 O-O 11. c3 Qc7 12. Bh6 Rd8 13. Qf3 Nd7 14. O-O-O Nb6 15.
d6 exd6 16. Nf6+ Kh8 17. Bd3 Be6 18. Rde1 Qc6 19. Be4 Qa4 20. Ng4 f5 21. Nxe5
dxe5 22. Qg3 Nd7 23. Qg5 Re8 24. Bb1 Bxa2 25. Bxf5 Be6 26. Bb1 Qa1 27. Rd1 Bf5
28. Rxd7 Qxb1+ 29. Kd2 Qxb2+ 30. Ke1 Qxc3+ 31. Kf1 Qa1+ 32. Ke2 Qa6+ 0-1

[Event "Bundesliga 0001"]
[Site "Deutschland"]
[Date "2001.??.??"]
[Round "14.7"]
[White "Brendel, Oliver"]
[Black "Poldauf, Dirk"]
[Result "0-1"]
[WhiteElo "2394"]
[BlackElo "2421"]
[PlyCount "84"]
[EventDate "2000.10.14"]
[EventType "team"]
[EventRounds "15"]
[EventCountry "GER"]
[SourceTitle "Bundesliga 0001"]
[Source "DeepChess"]
[SourceDate "2005.01.01"]
[SourceVersion "1"]
[SourceVersionDate "2005.01.01"]
[SourceQuality "1"]
[WhiteTeam "SV Castrop Rauxel 1923"]
[BlackTeam "SF Neukoelln 03 e.V."]
[WhiteTeamCountry "GER"]
[BlackTeamCountry "GER"]

1. e4 e6 2. d4 d5 3. Nc3 Bb4 4. Bd2 dxe4 5. Qg4 Nf6 6. Qxg7 Rg8 7. Qh6 Rg6 8.
Qe3 Nc6 9. Nge2 Bxc3 10. Bxc3 Ne7 11. Ng3 Ned5 12. Qe2 Nxc3 13. bxc3 Qd5 14.
Qb5+ c6 15. Qb4 h5 16. Bc4 Qd8 17. Rg1 h4 18. Nf1 b5 19. Be2 Nd5 20. Qc5 Qb6
21. c4 Qxc5 22. dxc5 Nc3 23. Kd2 Nxe2 24. Kxe2 bxc4 25. Nd2 f5 26. f3 c3 27.
Nb1 Ba6+ 28. Kf2 exf3 29. Kxf3 Ke7 30. Nxc3 Rd8 31. Rab1 Rd4 32. Rb3 Rc4 33.
Ra3 Rxc5 34. Nd1 Bc4 35. Rxa7+ Kf6 36. Ne3 Bd5+ 37. Nxd5+ cxd5 38. a4 Rc3+ 39.
Ke2 Rxc2+ 40. Kd3 Rcxg2 41. Re1 Rxh2 42. Ra6 Rg3+ 0-1

[Event "Bundesliga 0001"]
[Site "Deutschland"]
[Date "2001.??.??"]
[Round "14.8"]
[White "Thiede, Lars"]
[Black "Lemmers, Oscar"]
[Result "1-0"]
[WhiteElo "2421"]
[BlackElo "2392"]
[PlyCount "103"]
[EventDate "2000.10.14"]
[EventType "team"]
[EventRounds "15"]
[EventCountry "GER"]
[SourceTitle "Bundesliga 0001"]
[Source "DeepChess"]
[SourceDate "2005.01.01"]
[SourceVersion "1"]
[SourceVersionDate "2005.01.01"]
[SourceQuality "1"]
[WhiteTeam "SF Neukoelln 03 e.V."]
[BlackTeam "SV Castrop Rauxel 1923"]
[WhiteTeamCountry "GER"]
[BlackTeamCountry "GER"]

1. g3 c5 2. c4 g6 3. Bg2 Bg7 4. Nc3 Nc6 5. a3 a6 6. Rb1 Rb8 7. b4 cxb4 8. axb4
b5 9. cxb5 axb5 10. Nf3 d5 11. d4 Bf5 12. Rb3 Be4 13. e3 Nf6 14. O-O e6 15. Ne5
Bxg2 16. Nxc6 Qb6 17. Nxb8 Bxf1 18. Qxf1 O-O 19. Qxb5 Qxb5 20. Nxb5 Rxb8 21.
Nc3 Nd7 22. b5 Bf8 23. Kf1 Nb6 24. Ke2 Ra8 25. Kd3 Bd6 26. Rb2 Ra1 27. Rb1 Ra8
28. Bd2 Bc7 29. Rb2 Nc4 30. Rb1 Ra3 31. Bc1 Ra8 32. e4 Nb6 33. exd5 exd5 34.
Rb2 Ra1 35. Bg5 Nc4 36. Ra2 Rxa2 37. Nxa2 Kf8 38. Nb4 Nb6 39. Na6 Bd6 40. Bd8
Nc4 41. Nc7 Bxc7 42. Bxc7 Ke7 43. Kc3 f6 44. g4 Kd7 45. Bg3 f5 46. gxf5 gxf5
47. Kb4 Nb2 48. Kc5 f4 49. Bh4 Ke6 50. Kc6 Nc4 51. b6 Kf5 52. f3 1-0

[Event "Bundesliga 0001"]
[Site "Deutschland"]
[Date "2001.04.28"]
[Round "14.3"]
[White "Timman, Jan H"]
[Black "Boensch, Uwe"]
[Result "0-1"]
[WhiteElo "2639"]
[BlackElo "2558"]
[PlyCount "84"]
[EventDate "2000.10.14"]
[EventType "team"]
[EventRounds "15"]
[EventCountry "GER"]
[SourceTitle "Bundesliga 0001"]
[Source "DeepChess"]
[SourceDate "2005.01.01"]
[SourceVersion "1"]
[SourceVersionDate "2005.01.01"]
[SourceQuality "1"]
[WhiteTeam "SG Porz e.V."]
[BlackTeam "SK Koenig Plauen"]
[WhiteTeamCountry "GER"]
[BlackTeamCountry "GER"]

1. c4 e6 2. Nc3 d5 3. d4 Nf6 4. cxd5 exd5 5. Bg5 c6 6. Qc2 Be7 7. e3 Nbd7 8.
Bd3 O-O 9. Nge2 Re8 10. O-O Nf8 11. a3 Ng4 12. Bxe7 Qxe7 13. h3 Nh6 14. b4 a6
15. Ng3 Be6 16. Rae1 Qg5 17. Nce2 f5 18. Nf4 Bd7 19. a4 b5 20. Ra1 g6 21. Qc5
Nf7 22. Ra3 Qh6 23. Qc3 Nd6 24. Qd2 g5 25. Nfh5 Ne4 26. Bxe4 dxe4 27. axb5 cxb5
28. d5 Re5 29. Rfa1 Qd6 30. Qd4 Ng6 31. Rc3 Rf8 32. Rc5 Rf7 33. Ra2 Re8 34. Qa1
Ra8 35. Ne2 Ne5 36. Nd4 Nd3 37. Nxb5 Qh6 38. Nc7 Rc8 39. Rc4 Qxh5 40. Rxa6 Qe2
41. Ra2 Qe1+ 42. Qxe1 Nxe1 0-1

[Event "Bundesliga 0001"]
[Site "Deutschland"]
[Date "2001.04.28"]
[Round "14.5"]
[White "Hansen, Curt"]
[Black "Espig, Lutz"]
[Result "1-0"]
[WhiteElo "2613"]
[BlackElo "2401"]
[PlyCount "53"]
[EventDate "2000.10.14"]
[EventType "team"]
[EventRounds "15"]
[EventCountry "GER"]
[SourceTitle "Bundesliga 0001"]
[Source "DeepChess"]
[SourceDate "2005.01.01"]
[SourceVersion "1"]
[SourceVersionDate "2005.01.01"]
[SourceQuality "1"]
[WhiteTeam "SG Porz e.V."]
[BlackTeam "SK Koenig Plauen"]
[WhiteTeamCountry "GER"]
[BlackTeamCountry "GER"]

1. d4 Nf6 2. c4 d6 3. Nf3 Nbd7 4. Nc3 e5 5. e4 Be7 6. Be2 O-O 7. O-O c6 8. Re1
a6 9. h3 Qc7 10. Bf1 b5 11. a3 Bb7 12. Bg5 Rfe8 13. Rc1 Qb8 14. b4 exd4 15.
Nxd4 Bf8 16. Nb3 bxc4 17. Bxc4 d5 18. exd5 Rxe1+ 19. Qxe1 cxd5 20. Bf1 Ne4 21.
Nxe4 dxe4 22. Qd2 Nb6 23. Na5 Bd5 24. Bf4 Bd6 25. Bxd6 Qxd6 26. Nc4 e3 27. fxe3
1-0

[Event "Bundesliga 0001"]
[Site "Deutschland"]
[Date "2001.04.28"]
[Round "14.6"]
[White "Hackel, Mario"]
[Black "Graf, Alexander"]
[Result "1/2-1/2"]
[WhiteElo "2338"]
[BlackElo "2642"]
[PlyCount "133"]
[EventDate "2000.10.14"]
[EventType "team"]
[EventRounds "15"]
[EventCountry "GER"]
[SourceTitle "Bundesliga 0001"]
[Source "DeepChess"]
[SourceDate "2005.01.01"]
[SourceVersion "1"]
[SourceVersionDate "2005.01.01"]
[SourceQuality "1"]
[WhiteTeam "SK Koenig Plauen"]
[BlackTeam "SG Porz e.V."]
[WhiteTeamCountry "GER"]
[BlackTeamCountry "GER"]

1. d4 Nf6 2. c4 e6 3. g3 c5 4. d5 exd5 5. cxd5 d6 6. Nc3 g6 7. Bg2 Bg7 8. Nf3
O-O 9. O-O Bg4 10. Qb3 Bxf3 11. Bxf3 Qc7 12. Nb5 Qe7 13. Bf4 Ne8 14. Na3 b6 15.
Nc4 Nd7 16. a4 Rb8 17. Rfd1 g5 18. Bc1 f5 19. Qc2 Ne5 20. Bg2 Kh8 21. Ra3 Nxc4
22. Qxc4 Nc7 23. b4 cxb4 24. Qxb4 Na6 25. Qd2 f4 26. h4 Rbe8 27. hxg5 fxg3 28.
Rxg3 Nc5 29. Re3 Qd7 30. a5 Rxe3 31. Qxe3 bxa5 32. Ba3 Re8 33. Qh3 Qa4 34. Re1
Ne4 35. g6 h6 36. Bb2 Kg8 37. Qf5 Ng5 38. Ra1 Qb5 39. Bxg7 Kxg7 40. f4 Rf8 41.
Qg4 Qc5+ 42. Kh1 Qd4 43. Rf1 a4 44. e3 Qxe3 45. fxg5 Rxf1+ 46. Bxf1 a3 47. Qf5
Qe7 48. gxh6+ Kxh6 49. Qh3+ Kxg6 50. Qxa3 Qe4+ 51. Bg2 Qe1+ 52. Kh2 Qe5+ 53.
Kg1 Qd4+ 54. Kf1 Qd1+ 55. Kf2 Qd2+ 56. Kg3 Qg5+ 57. Kh3 Qf5+ 58. Kh2 Qe5+ 59.
Qg3+ Kf6 60. Kh3 Qh5+ 61. Qh4+ Qxh4+ 62. Kxh4 Ke5 63. Kg5 a5 64. Bf1 Kxd5 65.
Kf5 Kc5 66. Ke4 a4 67. Kd3 1/2-1/2

[Event "Bundesliga 0001"]
[Site "Deutschland"]
[Date "2001.04.28"]
[Round "14.7"]
[White "Nijboer, Friso"]
[Black "Kuraszkiewicz, Michael"]
[Result "0-1"]
[WhiteElo "2537"]
[BlackElo "2309"]
[PlyCount "112"]
[EventDate "2000.10.14"]
[EventType "team"]
[EventRounds "15"]
[EventCountry "GER"]
[SourceTitle "Bundesliga 0001"]
[Source "DeepChess"]
[SourceDate "2005.01.01"]
[SourceVersion "1"]
[SourceVersionDate "2005.01.01"]
[SourceQuality "1"]
[WhiteTeam "SG Porz e.V."]
[BlackTeam "SK Koenig Plauen"]
[WhiteTeamCountry "GER"]
[BlackTeamCountry "GER"]

1. e4 e6 2. d4 d5 3. Nc3 Nf6 4. e5 Nfd7 5. f4 c5 6. Nf3 a6 7. Be3 Qb6 8. Na4
Qa5+ 9. c3 c4 10. b4 Qc7 11. g3 Nc6 12. Bg2 Ne7 13. Bf2 Nb8 14. O-O Bd7 15. Rb1
b6 16. Qc2 Qc6 17. Nb2 a5 18. Nd2 axb4 19. Nbxc4 Nc8 20. Rb3 Qa4 21. Nb2 Qxa2
22. c4 dxc4 23. Ndxc4 b5 24. Nd2 Ra3 25. f5 Be7 26. fxe6 fxe6 27. Be3 Rg8 28.
Re1 Nb6 29. Rc1 Rf8 30. Qd1 g6 31. Bh6 Rf7 32. h4 Na4 33. Nxa4 bxa4 34. Rxa3
Qxa3 35. Ne4 b3 36. d5 b2 37. Rb1 Qb4 38. Qg4 a3 39. dxe6 Qb6+ 40. Kh2 Bxe6 41.
Qe2 Nd7 42. Nd6+ Bxd6 43. exd6 Qxd6 44. Re1 Qf4 45. Qd2 Qf5 46. Qb4 Rf6 47. Bg5
Kf7 48. Bxf6 Nxf6 49. Qb7+ Kg8 50. Rf1 Ng4+ 51. Kh1 Qc5 52. Bf3 Ne3 53. Re1 Qc3
54. Qb8+ Kg7 55. Kh2 Bf7 56. Qf4 Nf5 0-1

[Event "Bundesliga 0001"]
[Site "Deutschland"]
[Date "2001.04.28"]
[Round "14.8"]
[White "Haskamp, Stephan"]
[Black "Van den Doel, Erik"]
[Result "0-1"]
[WhiteElo "2290"]
[BlackElo "2547"]
[PlyCount "74"]
[EventDate "2000.10.14"]
[EventType "team"]
[EventRounds "15"]
[EventCountry "GER"]
[SourceTitle "Bundesliga 0001"]
[Source "DeepChess"]
[SourceDate "2005.01.01"]
[SourceVersion "1"]
[SourceVersionDate "2005.01.01"]
[SourceQuality "1"]
[WhiteTeam "SK Koenig Plauen"]
[BlackTeam "SG Porz e.V."]
[WhiteTeamCountry "GER"]
[BlackTeamCountry "GER"]

1. e4 c5 2. Nc3 Nc6 3. Bb5 Nd4 4. Nf3 Nxb5 5. Nxb5 d6 6. d4 Nf6 7. O-O Bd7 8.
Nc3 cxd4 9. Qxd4 e6 10. e5 dxe5 11. Nxe5 Be7 12. Rd1 Bc6 13. Qxd8+ Bxd8 14.
Nxc6 bxc6 15. b3 O-O 16. Ba3 Re8 17. Na4 e5 18. c4 e4 19. Bc5 Be7 20. Bxe7 Rxe7
21. Rd6 Rc8 22. Rad1 h5 23. Rd8+ Rxd8 24. Rxd8+ Kh7 25. Nc5 e3 26. fxe3 Rxe3
27. h3 h4 28. a4 a5 29. Rd2 Nh5 30. Rb2 Nf4 31. Nb7 Re1+ 32. Kh2 Nh5 33. g4
hxg3+ 34. Kg2 Re3 35. Kf1 Nf4 36. Nxa5 Rc3 37. Rb1 Rc2 0-1

[Event "Bundesliga 0001"]
[Site "Deutschland"]
[Date "2001.??.??"]
[Round "14.1"]
[White "Nielsen, Peter Heine"]
[Black "Rabiega, Robert"]
[Result "1-0"]
[WhiteElo "2578"]
[BlackElo "2487"]
[PlyCount "81"]
[EventDate "2000.10.14"]
[EventType "team"]
[EventRounds "15"]
[EventCountry "GER"]
[SourceTitle "Bundesliga 0001"]
[Source "DeepChess"]
[SourceDate "2005.01.01"]
[SourceVersion "1"]
[SourceVersionDate "2005.01.01"]
[SourceQuality "1"]
[WhiteTeam "SV Wattenscheid 1930"]
[BlackTeam "SK Koenig Tegel 1949 e.V. "]
[WhiteTeamCountry "GER"]
[BlackTeamCountry "GER"]

1. d4 d5 2. c4 Nc6 3. Nc3 dxc4 4. Nf3 Nf6 5. Bg5 h6 6. Bxf6 exf6 7. e3 Bd6 8.
Bxc4 O-O 9. a3 f5 10. O-O Ne7 11. Qc2 Ng6 12. g3 c6 13. b4 Qe7 14. Bd3 Qf6 15.
Nd2 Re8 16. b5 Bd7 17. bxc6 bxc6 18. Na4 Rad8 19. Rfe1 h5 20. Nc5 Bc8 21. Bf1
Ne7 22. Bg2 h4 23. Nc4 Bc7 24. Nd3 Be6 25. Rab1 hxg3 26. hxg3 f4 27. Nxf4 Bxf4
28. exf4 Qxd4 29. Ne5 Bf5 30. Be4 Bxe4 31. Rxe4 Qd5 32. Rbe1 Rd6 33. Nf3 Rf8
34. Kg2 Ng6 35. Rd4 Qh5 36. Rxd6 Nxf4+ 37. gxf4 Qg4+ 38. Kf1 Qxf3 39. Qe4 Qh3+
40. Kg1 Qxa3 41. Rd3 1-0

[Event "Bundesliga 0001"]
[Site "Deutschland"]
[Date "2001.??.??"]
[Round "14.2"]
[White "Muse, Mladen"]
[Black "Hall, Jesper"]
[Result "1-0"]
[WhiteElo "2510"]
[BlackElo "2498"]
[PlyCount "47"]
[EventDate "2000.10.14"]
[EventType "team"]
[EventRounds "15"]
[EventCountry "GER"]
[SourceTitle "Bundesliga 0001"]
[Source "DeepChess"]
[SourceDate "2005.01.01"]
[SourceVersion "1"]
[SourceVersionDate "2005.01.01"]
[SourceQuality "1"]
[WhiteTeam "SK Koenig Tegel 1949 e.V. "]
[BlackTeam "SV Wattenscheid 1930"]
[WhiteTeamCountry "GER"]
[BlackTeamCountry "GER"]

1. d4 Nf6 2. Nf3 e6 3. c4 c5 4. d5 exd5 5. cxd5 d6 6. Nc3 g6 7. e4 a6 8. h3 b5
9. Bd3 Bg7 10. O-O O-O 11. a3 Re8 12. Re1 Ra7 13. Be3 Rae7 14. e5 Rxe5 15. Nxe5
Rxe5 16. Bf4 Rxe1+ 17. Qxe1 Bb7 18. Rd1 b4 19. axb4 cxb4 20. Ne4 Nxd5 21. Bg5
Qf8 22. Bc4 Nb6 23. Bxf7+ Qxf7 24. Nxd6 1-0

[Event "Bundesliga 0001"]
[Site "Deutschland"]
[Date "2001.??.??"]
[Round "14.3"]
[White "Holzke, Frank"]
[Black "Paulsen, Dirk"]
[Result "1-0"]
[WhiteElo "2470"]
[BlackElo "2431"]
[PlyCount "71"]
[EventDate "2000.10.14"]
[EventType "team"]
[EventRounds "15"]
[EventCountry "GER"]
[SourceTitle "Bundesliga 0001"]
[Source "DeepChess"]
[SourceDate "2005.01.01"]
[SourceVersion "1"]
[SourceVersionDate "2005.01.01"]
[SourceQuality "1"]
[WhiteTeam "SV Wattenscheid 1930"]
[BlackTeam "SK Koenig Tegel 1949 e.V. "]
[WhiteTeamCountry "GER"]
[BlackTeamCountry "GER"]

1. e4 Nf6 2. e5 Nd5 3. d4 d6 4. c4 Nb6 5. exd6 cxd6 6. Nc3 g6 7. h3 Bg7 8. Nf3
O-O 9. Be2 Bf5 10. O-O Nc6 11. Bg5 d5 12. c5 Nc4 13. b3 N4a5 14. Qd2 Be4 15.
Be3 Bxf3 16. Bxf3 e6 17. Nb5 b6 18. Rac1 Qd7 19. cxb6 axb6 20. Be2 Rfc8 21. Bf4
Nb7 22. Rc2 e5 23. dxe5 Nxe5 24. Rfc1 Rxc2 25. Qxc2 Nc5 26. Be3 Nc6 27. Bxc5
bxc5 28. Qxc5 Rxa2 29. Bg4 f5 30. Bf3 Ne7 31. Nc7 Rd2 32. Qe3 Rb2 33. Qd3 d4
34. Qc4+ Kh8 35. Qf7 Be5 36. Ne6 1-0

[Event "Bundesliga 0001"]
[Site "Deutschland"]
[Date "2001.??.??"]
[Round "14.4"]
[White "Lipinsky, Fabian"]
[Black "Ellers, Holger"]
[Result "0-1"]
[WhiteElo "2362"]
[BlackElo "2418"]
[PlyCount "144"]
[EventDate "2000.10.14"]
[EventType "team"]
[EventRounds "15"]
[EventCountry "GER"]
[SourceTitle "Bundesliga 0001"]
[Source "DeepChess"]
[SourceDate "2005.01.01"]
[SourceVersion "1"]
[SourceVersionDate "2005.01.01"]
[SourceQuality "1"]
[WhiteTeam "SK Koenig Tegel 1949 e.V. "]
[BlackTeam "SV Wattenscheid 1930"]
[WhiteTeamCountry "GER"]
[BlackTeamCountry "GER"]

1. d4 e6 2. c4 Bb4+ 3. Bd2 a5 4. e4 d5 5. Bxb4 axb4 6. Nd2 dxe4 7. Nxe4 Nf6 8.
Ng3 c5 9. Nf3 Nc6 10. dxc5 Qxd1+ 11. Kxd1 O-O 12. Bd3 Nd7 13. Kc2 Nxc5 14. Be4
Bd7 15. Rhe1 Rfe8 16. b3 Ra3 17. Kb2 f6 18. Rad1 Rea8 19. Bb1 Be8 20. Nd2 Ne5
21. Nde4 Ned7 22. Rd2 Kf8 23. f3 Bg6 24. h4 Nxe4 25. fxe4 Ke7 26. Red1 Be8 27.
Rd4 Nc5 28. h5 g5 29. R1d2 h6 30. Rf2 R3a5 31. Rd1 Bc6 32. Rdf1 Nd7 33. Ne2 Re5
34. Ng3 b5 35. Rc1 Nb6 36. cxb5 Bxb5 37. Rc7+ Nd7 38. Rd2 Kd8 39. Rc1 Rc8 40.
Rxc8+ Kxc8 41. Rd4 Nb8 42. Rd2 Kc7 43. Bc2 Be8 44. Rd1 Rc5 45. Rh1 Kd6 46. Nf1
Nc6 47. Nd2 Ne5 48. Nf3 Nxf3 49. gxf3 Ke5 50. Bd1 Ra5 51. Rg1 Kf4 52. Rg4+ Ke5
53. Rg2 Ra6 54. Rc2 Kf4 55. Rc4 Rb6 56. e5+ Kxe5 57. Re4+ Kd5 58. Re2 Kd4 59.
Re4+ Kd3 60. Re1 Kd2 61. Rh1 f5 62. a3 bxa3+ 63. Kxa3 Bc6 64. Rg1 e5 65. b4
Ra6+ 66. Kb2 Bd5 67. Bc2 Bxf3 68. Bxf5 e4 69. Rg3 Rf6 70. Bg4 Rf4 71. b5 Rxg4
72. b6 Rf4 0-1

[Event "Bundesliga 0001"]
[Site "Deutschland"]
[Date "2001.??.??"]
[Round "14.5"]
[White "Sjodahl, Pontus"]
[Black "Von Herman, Ulf"]
[Result "1-0"]
[WhiteElo "2414"]
[BlackElo "2357"]
[PlyCount "53"]
[EventDate "2000.10.14"]
[EventType "team"]
[EventRounds "15"]
[EventCountry "GER"]
[SourceTitle "Bundesliga 0001"]
[Source "DeepChess"]
[SourceDate "2005.01.01"]
[SourceVersion "1"]
[SourceVersionDate "2005.01.01"]
[SourceQuality "1"]
[WhiteTeam "SV Wattenscheid 1930"]
[BlackTeam "SK Koenig Tegel 1949 e.V. "]
[WhiteTeamCountry "GER"]
[BlackTeamCountry "GER"]

1. d4 d5 2. c4 c6 3. Nf3 Nf6 4. Qc2 g6 5. g3 Bg7 6. Bg2 O-O 7. O-O Na6 8. Rd1
Bf5 9. Qb3 c5 10. cxd5 Nb4 11. Ne1 a5 12. dxc5 Rc8 13. Nc3 Nd7 14. Be3 Nxc5 15.
Bxc5 Rxc5 16. a3 Na6 17. Qxb7 Qd6 18. e4 Rb8 19. Qa7 Bg4 20. e5 Qxe5 21. Nd3
Qc7 22. Qxa6 Rc4 23. d6 Qc8 24. Qxc8+ Rcxc8 25. Nd5 Rc2 26. f3 Bf5 27. Nxe7+
1-0

[Event "Bundesliga 0001"]
[Site "Deutschland"]
[Date "2001.??.??"]
[Round "14.7"]
[White "Blecken, Volker"]
[Black "Giemsa, Stephan"]
[Result "1-0"]
[WhiteElo "2275"]
[BlackElo "2299"]
[PlyCount "69"]
[EventDate "2000.10.14"]
[EventType "team"]
[EventRounds "15"]
[EventCountry "GER"]
[SourceTitle "Bundesliga 0001"]
[Source "DeepChess"]
[SourceDate "2005.01.01"]
[SourceVersion "1"]
[SourceVersionDate "2005.01.01"]
[SourceQuality "1"]
[WhiteTeam "SV Wattenscheid 1930"]
[BlackTeam "SK Koenig Tegel 1949 e.V. "]
[WhiteTeamCountry "GER"]
[BlackTeamCountry "GER"]

1. d4 Nf6 2. Nf3 g6 3. c4 Bg7 4. Nc3 d5 5. cxd5 Nxd5 6. e4 Nxc3 7. bxc3 c5 8.
Be2 O-O 9. Be3 b6 10. O-O Bb7 11. Qc2 cxd4 12. cxd4 Nc6 13. Rad1 Rc8 14. Qa4
Qd6 15. a3 Na5 16. d5 Rc3 17. Bc1 Rfc8 18. Bb2 Rc2 19. Bxg7 Kxg7 20. Bd3 R2c3
21. Qd4+ Kg8 22. Bb1 Qxa3 23. e5 Qc5 24. Qh4 Bxd5 25. Ng5 h5 26. e6 Rc4 27.
exf7+ Bxf7 28. Be4 Rd4 29. Rxd4 Qxd4 30. Nxf7 Rc4 31. Qxe7 Qxe4 32. Nh6+ Kh8
33. Qf8+ Kh7 34. Nf7 Qd4 35. Ng5# 1-0

[Event "Bundesliga 0001"]
[Site "Deutschland"]
[Date "2001.??.??"]
[Round "14.8"]
[White "Lorenz, Sascha"]
[Black "Lauzeningks, Jan"]
[Result "0-1"]
[WhiteElo "2298"]
[BlackElo "2307"]
[PlyCount "84"]
[EventDate "2000.10.14"]
[EventType "team"]
[EventRounds "15"]
[EventCountry "GER"]
[SourceTitle "Bundesliga 0001"]
[Source "DeepChess"]
[SourceDate "2005.01.01"]
[SourceVersion "1"]
[SourceVersionDate "2005.01.01"]
[SourceQuality "1"]
[WhiteTeam "SK Koenig Tegel 1949 e.V. "]
[BlackTeam "SV Wattenscheid 1930"]
[WhiteTeamCountry "GER"]
[BlackTeamCountry "GER"]

1. e4 e5 2. Nf3 Nc6 3. Nc3 Nf6 4. g3 Bb4 5. Bg2 d6 6. h3 Be6 7. O-O Bxc3 8.
bxc3 Nxe4 9. Re1 Nf6 10. d4 exd4 11. Nxd4 Nxd4 12. cxd4 c6 13. Rb1 Qd7 14. Bg5
d5 15. Bxf6 gxf6 16. Qf3 Qe7 17. Qh5 O-O-O 18. Re3 Qd7 19. Ra3 Kb8 20. Qh6 f5
21. Bf1 Ka8 22. Qd2 Qc7 23. Qb4 Kb8 24. Qc5 b6 25. Rab3 Bc8 26. a4 Ka8 27. Qa3
f4 28. a5 b5 29. a6 fxg3 30. fxg3 Qb6 31. Qb2 Qxa6 32. c4 dxc4 33. Bxc4 Bxh3
34. Kh2 Bf5 35. Ra1 Qb6 36. Bxb5 cxb5 37. Rxb5 Qh6+ 38. Kg1 Be4 39. Rxa7+ Kxa7
40. Qa3+ Qa6 41. Qe7+ Bb7 42. Qc5+ Kb8 0-1

[Event "Bundesliga 0001"]
[Site "Deutschland"]
[Date "2001.04.29"]
[Round "15.1"]
[White "Beliavsky, Alexander G"]
[Black "Dautov, Rustem"]
[Result "1/2-1/2"]
[WhiteElo "2654"]
[BlackElo "2606"]
[PlyCount "84"]
[EventDate "2000.10.14"]
[EventType "team"]
[EventRounds "15"]
[EventCountry "GER"]
[SourceTitle "Bundesliga 0001"]
[Source "DeepChess"]
[SourceDate "2005.01.01"]
[SourceVersion "1"]
[SourceVersionDate "2005.01.01"]
[SourceQuality "1"]
[WhiteTeam "SK Koenig Plauen"]
[BlackTeam "Godesberger SK 1929"]
[WhiteTeamCountry "GER"]
[BlackTeamCountry "GER"]

1. d4 d5 2. c4 c6 3. Nf3 Nf6 4. Nc3 a6 5. e3 b5 6. cxd5 cxd5 7. Ne2 e6 8. Nf4
Bd6 9. Nd3 O-O 10. Be2 Nbd7 11. O-O a5 12. Bd2 b4 13. Rc1 Ba6 14. Nc5 Bxe2 15.
Qxe2 Ne4 16. Nb7 Qb6 17. Nxd6 Nxd6 18. Qd3 Rfc8 19. b3 Qb5 20. Qxb5 Nxb5 21.
Rfd1 Nf6 22. Kf1 Ne4 23. Be1 f6 24. Ng1 Nbc3 25. Bxc3 Nxc3 26. Rd2 Nxa2 27.
Rxc8+ Rxc8 28. Rxa2 Rc1+ 29. Ke2 Rxg1 30. Kf3 Rb1 31. Rxa5 Rxb3 32. Ra8+ Kf7
33. Ra7+ Kf8 34. Ra8+ Kf7 35. Ra7+ Kf8 36. Ra8+ Ke7 37. Ra7+ Kd6 38. Rxg7 Kc6
39. Rxh7 Rc3 40. Rh8 Kb7 41. Rh7+ Kb6 42. Rh8 Kb7 1/2-1/2

[Event "Bundesliga 0001"]
[Site "Deutschland"]
[Date "2001.04.29"]
[Round "15.2"]
[White "Kengis, Edvins"]
[Black "Bischoff, Klaus"]
[Result "1/2-1/2"]
[WhiteElo "2589"]
[BlackElo "2556"]
[PlyCount "44"]
[EventDate "2000.10.14"]
[EventType "team"]
[EventRounds "15"]
[EventCountry "GER"]
[SourceTitle "Bundesliga 0001"]
[Source "DeepChess"]
[SourceDate "2005.01.01"]
[SourceVersion "1"]
[SourceVersionDate "2005.01.01"]
[SourceQuality "1"]
[WhiteTeam "Godesberger SK 1929"]
[BlackTeam "SK Koenig Plauen"]
[WhiteTeamCountry "GER"]
[BlackTeamCountry "GER"]

1. Nf3 Nf6 2. c4 e6 3. g3 d5 4. d4 Bb4+ 5. Bd2 Be7 6. Bg2 O-O 7. O-O Nbd7 8.
Qc2 c6 9. Bf4 b6 10. Nbd2 Bb7 11. e4 Rc8 12. Rad1 c5 13. exd5 exd5 14. Qb1 dxc4
15. Nxc4 Be4 16. Qa1 Re8 17. b3 b5 18. Nce5 Qb6 19. dxc5 Nxc5 20. Rfe1 Ne6 21.
Be3 Qb7 22. a3 h6 1/2-1/2